000
00342pam a2200157a 44500
008
230515b2011 xxu||||| |||| 00| 0 eng d
020
_a
NULL
041
_a
ENGLISH
082
_a
617./ GEO
100
_a
GEORGE
245
_a
P.G. DENTAL EXAMINATION REVIEW
250
_a
2
260
_a
_b
CBS PUB
_c
2011
300
_a
674
650
_a
NULL
999
_c
563477
_d
563477